[Event "African Online-ch Open 2021"]
[Site "Online"]
[Date "2021.02.01"]
[Round "1.1"]
[White "Adly, Ahmed"]
[Black "Alberto, Manuel"]
[Result "1-0"]
[WhiteElo "2615"]
[BlackElo "2167"]
[Annotator "TA"]
[PlyCount "71"]
[EventDate "2021.02.01"]
[EventType "swiss"]
[EventCountry "NET"]

{[%evp 12,70,4,8,18,6,42,37,56,48,48,22,22,-18,10,-30,-15,-29,-25,-60,-50,-35,-55,-84,-68,-74,-78,-127,-115,-106,-127,-118,-65,-64,0,0,141,137,141,125,116,125,140,132,125,118,120,116,256,229,276,212,358,377,823,816,29996,29997,29998,29999,29999]} 1. Nf3 c6 2. g3 d5 3. Bg2 Nf6 4. O-O e6 5. d3 Be7 6. Nbd2 O-O 7. e4 c5 {A07: Réti Opening: New York and Capablanca Systems.} 8. Re1 dxe4 9. dxe4 Nc6 {White is slightly better.} 10. e5 Nd5 11. a3 b5 {[%cal Bb7b5,Bb5b4][%mdl 32] [#]} 12. h4 $146 ({Predecessor:} 12. Nf1 Bb7 13. h4 Qc7 14. Qe2 c4 15. N1h2 Rfe8 16. h5 f5 17. exf6 Bxf6 18. c3 {½-½ (29) Sibl,V (1895)-Slangal,L (1890) Klatovy 2001}) 12... a5 13. h5 h6 $1 14. a4 b4 15. Qe2 Ba6 16. Qe4 Rc8 17. Qg4 Kh8 18. Nb3 c4 19. Nbd4 Nxd4 20. Nxd4 Bc5 21. Rd1 Qb6 (21... Qd7 $17 22. Kh2 c3) 22. Bxd5 $15 {Hoping for Bg2.} exd5 (22... Rfd8 $1 $15 23. Bxh6 gxh6) 23. Be3 $40 {[%mdl 128] White has some attack.} Rce8 (23... Bxd4 $11 24. Qxd4 Qxd4 25. Bxd4 Rc6) 24. Nf5 $1 $16 {[%csl Gf5,LRd5,LRg7][%cal Rg4g7]} Rg8 25. Rxd5 Bxe3 26. Nxe3 Bb7 {[#]} 27. Rd6 {[%cal Rd6b6]} ({But not} 27. Nxc4 $6 Qc6 $14) (27. Qxc4 $6 Bxd5 28. Qxd5 Rd8 $11) 27... Qc5 28. Qf4 {Threatening mate with Rxh6+!} ({Much weaker is} 28. Qxc4 $6 Qxe5 29. Rad1 Qxh5 $11) 28... Re6 29. Nxc4 Rge8 {Loses the game.} (29... Ba6 $16) 30. Rad1 $18 {[%cal Ba1d1,Bd1d4,Bd4d8][%mdl 32]} ({Much less strong is} 30. Qxf7 $6 R6e7 $16) 30... R6e7 31. R1d4 f6 {[#]} (31... Kg8 $142 32. Qe3 Qc8) 32. Rxf6 $1 {[%mdl 512] Rf8+ would kill now.} Rxe5 $2 (32... Kg8) 33. Nxe5 Rxe5 34. Rd8+ {White mates.} Kh7 {[#]} 35. Qxh6+ $3 {[%mdl 512]} gxh6 36. Rf7# {Weighted Error Value: White=0.11/Black=0.46} 1-0

[Event "African Online-ch Open 2021"]
[Site "Online"]
[Date "2021.02.01"]
[Round "1.2"]
[White "Hemam, Moulaye Brahim"]
[Black "Amin, Bassem"]
[Result "0-1"]
[WhiteElo "2046"]
[BlackElo "2693"]
[Annotator "TA"]
[PlyCount "88"]
[EventDate "2021.02.01"]
[EventType "swiss"]
[EventCountry "NET"]

{[%evp 11,88,11,15,-7,-9,-9,-13,-13,-7,-13,-8,-15,-15,-20,-19,-28,-23,-25,12,-8,10,7,10,10,18,0,5,0,13,-5,0,0,0,0,0,-50,-39,-39,-41,-43,-28,-32,-37,-43,-33,-28,-37,-36,-38,-23,22,20,19,20,19,19,19,19,19,20,82,75,71,0,0,0,0,0,0,-204,-207,-144,-16,-314,-296,-1464,-1014,-652,-646]} 1. e4 e5 2. Nf3 Nc6 3. Bc4 Nf6 4. d3 h6 5. Nc3 d6 6. h3 Na5 7. Bb5+ {C55: Two Knights: 4 d3, 4 d4 exd4 5 e5 and Max Lange Attack.} c6 8. Ba4 b5 9. Bb3 {The position is equal.} Be7 10. O-O O-O {[#]} 11. Bd2 $146 ({Predecessor:} 11. Qe2 Bd7 12. Nd1 a6 13. Bd2 Nxb3 14. axb3 Re8 15. Re1 Bf8 16. Nh2 d5 17. Qf3 {0-1 (38) Zavoronkov,V (2385)-Zjukin,S (2401) Kilingi Nomme 2002}) 11... Re8 12. Re1 Bf8 13. Ne2 Nxb3 14. axb3 c5 15. Ng3 g6 16. b4 Bb7 17. bxc5 dxc5 18. Bc3 Qc7 19. b3 a5 20. Ra2 Nd7 21. Qa1 {[%cal Rc3a5]} b4 22. Bb2 Bc6 23. Nd2 Nb6 $1 24. Ngf1 ({Wrong is} 24. Rxa5 $2 Rxa5 25. Qxa5 Ra8 $19) 24... a4 25. bxa4 Nxa4 26. Nc4 {[%cal Rb2e5]} f6 27. f4 Nxb2 28. Rxa8 Bxa8 29. Qxb2 exf4 30. Qxf6 Qf7 (30... Kh7 {looks sharper.} 31. Nfd2 Bg7 32. Qb6 Qxb6 33. Nxb6 Bc3) 31. Qxf7+ Kxf7 32. Ra1 Bc6 33. Ra6 Bb5 34. Ra7+ Kg8 {[#] Strongly threatening ...Bxc4.} 35. Nfd2 b3 (35... g5 $11 {keeps the balance.}) 36. cxb3 $16 Rd8 37. Ne5 (37. e5 $16) 37... Bxd3 $11 {aiming for ...c4!} 38. Nxg6 c4 39. Nxf8 {[#] And now Ne6 would win.} c3 40. Nf3 (40. Nd7 $11 cxd2 41. Nf6+ Kf8 42. Nh7+ Kg8 43. Nf6+ Kf8 44. Nh7+ Kg8 45. Nf6+) 40... c2 $19 41. Rc7 {Threatens to win with Ne6.} Bxe4 (41... Kxf8 $17 42. Ne1 Bxe4 43. Nxc2 Rd1+ 44. Kh2 Rd2) 42. Ne1 $2 {[%mdl 8192]} Rd1 ({Don't do} 42... Kxf8 43. Nxc2 Rd1+ 44. Kh2 $19) 43. Kf2 (43. Nd7 Rxd7 44. Rc8+ Kf7 45. Nxc2 Rd1+ 46. Kh2) 43... Kxf8 44. Nxc2 Rd2+ {[%mdl 64] Double Attack.  Weighted Error Value: White=0.42/Black=0.13} 0-1

[Event "African Online-ch Open 2021"]
[Site "Online"]
[Date "2021.02.01"]
[Round "1.4"]
[White "Ndegwa, Jackson Kamau"]
[Black "Ortega Amarelle, Mariano"]
[Result "0-1"]
[WhiteElo "2001"]
[BlackElo "2463"]
[Annotator "TA"]
[PlyCount "72"]
[EventDate "2021.02.01"]
[EventType "swiss"]
[EventCountry "NET"]

{[%evp 13,72,0,6,-3,21,13,22,3,35,0,0,0,0,0,0,0,0,0,0,0,20,-4,-10,-21,0,-2,-8,-38,0,-31,-13,-31,-31,-123,-127,-241,-171,-251,-138,-386,-198,-198,-192,-207,-215,-249,-159,-274,-278,-328,-276,-280,-267,-354,-364,-518,-503,-1997,-4866,-4786,-3018]} 1. e4 c5 2. Nf3 d6 3. d4 cxd4 4. Nxd4 Nf6 5. Nc3 Nc6 6. Nxc6 bxc6 7. Bd3 e6 8. O-O {B80: Sicilian Scheveningen: 6 g3 and 6 Be3, including English Attack.} d5 9. Re1 Be7 10. Bg5 {[#] The position is equal.} h6 $146 ({Predecessor:} 10... O-O 11. exd5 cxd5 12. Bxf6 Bxf6 13. Qf3 Rb8 14. Rab1 Bb7 15. Qh5 g6 16. Qh6 Bg7 {0-1 (46) Evengroen,B (1336)-Minderman,C (1524) Twente 2007}) 11. Bh4 Nxe4 12. Bxe7 Nxc3 13. Qg4 ({Don't play} 13. Bxd8 Nxd1 14. Bf6 gxf6 $17) 13... Kxe7 ({Reject} 13... Qxe7 $6 14. Qxg7 Qf8 15. Qxc3 $16) 14. bxc3 Kf8 15. c4 h5 16. Qf4 Rh6 17. Re3 Kg8 18. Rae1 Bd7 19. Rg3 {And now Qxh6 would win.} Qf6 20. Qc7 Be8 (20... h4 $5 {[%cal Rh4g3]} 21. Rf3 Qd8 $15) 21. cxd5 cxd5 22. Qb7 Qd8 23. Rb1 {[#]} (23. h3 $15) 23... e5 $1 $17 24. c4 (24. h4 $17 {was called for.}) 24... Bc6 25. Qa6 (25. Qb2 $142 d4 26. Qd2) 25... d4 (25... e4 $19 26. Bf1 d4) 26. Be4 {[#] This costs White the game.} (26. Rg6 $17 {only move.} Rxg6 27. Bxg6) 26... Qc8 (26... h4 $142 $1 27. Rg4 Qd7 28. Bxc6 Qxg4) 27. Qxc8+ $19 Rxc8 28. Bf5 Re8 29. h4 Rf6 30. Bd3 (30. Bc2 $17) 30... e4 31. Bf1 Rf5 32. Ra3 a5 33. Rb6 Rc5 34. Ra6 (34. Be2 $142) 34... d3 {[%cal Bd4d3,Bd3d2][%mdl 32] Black is clearly winning.} 35. f3 (35. Rb3 $142) 35... d2 36. Be2 exf3 {Weighted Error Value: White=0.73/Black=0.22} 0-1

[Event "African Online-ch Open 2021"]
[Site "Online"]
[Date "2021.02.01"]
[Round "1.5"]
[White "Bellahcene, Bilel"]
[Black "Fernandes, Avelino"]
[Result "1-0"]
[WhiteElo "2510"]
[BlackElo "1887"]
[Annotator "TA"]
[PlyCount "91"]
[EventDate "2021.02.01"]
[EventType "swiss"]
[EventCountry "NET"]

{[%evp 9,91,64,63,72,129,121,214,222,250,251,356,338,342,348,442,446,407,417,874,668,1038,992,1041,984,1907,723,634,427,433,430,408,413,448,333,335,294,303,303,294,288,291,289,296,300,289,298,316,279,283,270,300,294,444,426,474,463,505,406,408,339,476,476,476,476,595,587,614,617,617,610,610,603,603,603,810,791,801,787,802,766,1125,1029,954,927]} 1. e4 g6 2. d4 Bg7 3. Nf3 e6 4. Nc3 Ne7 5. Be3 d5 6. Qd2 {B06: Modern Defence.} c6 (6... dxe4 $142 7. Nxe4 h6) 7. Bh6 $16 {[#]} Kf8 $146 {[#]} (7... Bxh6 $16 8. Qxh6 dxe4 9. Nxe4 Nf5) ({Predecessor:} 7... Bxh6 8. Qxh6 dxe4 9. Nxe4 Nf5 10. Qf4 h5 11. O-O-O Nd7 12. c4 Qa5 13. Kb1 O-O 14. Ne5 Rd8 15. Be2 Kg7 16. h3 Nxe5 17. dxe5 Rf8 18. g4 Nh6 19. Qf6+ {1-0 (19) Huber-Gros,P Metz 1995}) 8. h4 $1 $18 {White is clearly better.} dxe4 9. Nxe4 Nf5 (9... f5 $142) 10. Bxg7+ Kxg7 11. h5 Nd7 12. g4 Ne7 13. O-O-O f5 (13... Nd5 $142 14. c4 N5f6) 14. gxf5 exf5 {[#]} 15. Nfg5 Nb6 16. h6+ Kf8 {[#]} 17. Nf6 (17. d5 $142 $1 fxe4 (17... Nexd5 18. Qd4) 18. Qd4) 17... Ned5 18. Ngxh7+ Kf7 19. Nxd5 Rxh7 20. Nf4 {[%cal Bd5f4,Bf4h3,Bh3g5][%mdl 32]} Qf6 21. Nh3 Be6 22. Ng5+ Kg8 23. Nxh7 Kxh7 24. a3 Rd8 25. Qe3 Bd5 26. Rg1 Rd7 27. Qe5 Qe6 28. Qxe6 Bxe6 29. Re1 Bd5 30. Bd3 Kxh6 (30... Bf7 {is a better defense.} 31. c3 Nd5) 31. Re3 Rf7 32. b3 Rf6 33. Re7 Rf7 34. Rge1 Kg7 (34... Nc8 {might work better.}) 35. c4 {White is clearly winning.} Bf3 36. R1e3 Bh5 37. f4 Nc8 38. Rxf7+ Kxf7 {[%mdl 4096] Endgame KRB-KBN} 39. c5 Ne7 40. Bc4+ Kf8 41. b4 a6 42. Kd2 Bg4 43. Ke1 Bh5 44. Kf2 Ke8 45. d5 {White threatens d6 and mate.} cxd5 46. Bxd5 {Black got outplayed after the opening.  Weighted Error Value: White=0.24/Black=0.39} 1-0

[Event "African Online-ch Open 2021"]
[Site "Online"]
[Date "2021.02.01"]
[Round "1.6"]
[White "Mosutha, Thuso"]
[Black "Rakotomaharo, Fy Antenaina"]
[Result "0-1"]
[WhiteElo "2036"]
[BlackElo "2422"]
[Annotator "TA"]
[PlyCount "102"]
[EventDate "2021.02.01"]
[EventType "swiss"]
[EventCountry "NET"]

{[%evp 9,102,-14,34,35,35,29,37,31,43,42,56,26,22,22,16,7,33,7,8,7,7,14,20,3,0,-25,-11,-12,6,0,7,2,5,-32,-42,-52,-41,-284,-277,-273,-249,-241,-62,-62,-66,-66,-62,-62,-66,-86,-86,-229,-60,-100,0,-104,-97,-104,-101,-102,-100,-102,-26,-26,-25,-25,-18,-122,-117,-177,-72,-88,-43,-698,-699,-687,-686,-686,-656,-856,-851,-774,-288,-559,-537,-2633,-1842,-29984,-29985,-29985,-29986,-29987,-29986,-29986,-29986]} 1. c4 e5 2. g3 c6 3. d4 e4 4. Nc3 Bb4 {[#]} 5. Qc2 $146 ({Predecessor:} 5. Qb3 Bxc3+ 6. Qxc3 d5 7. b3 a5 8. Bg2 Nf6 9. Ba3 Na6 10. Nh3 b5 11. cxb5 cxb5 {0-1 (43) Bocharov,D (2524)-Grischuk,A (2777) chess.com INT 2020}) 5... f5 6. Nh3 {A20: English Opening: 1...e5.} Nf6 7. Bg5 h6 8. Bxf6 {White is slightly better.} Qxf6 9. e3 d6 10. a3 Bxc3+ 11. Qxc3 Be6 12. Nf4 Bf7 13. h4 g5 14. hxg5 hxg5 15. Rxh8+ Qxh8 16. Nh3 {Threatens to win with Qb4.} Qf6 17. O-O-O Nd7 {[%cal Bb8d7,Bd7b6,Bb6d5,Bd5e3][%mdl 32]} 18. Qa5 Nb6 19. c5 dxc5 20. dxc5 Nd5 21. Ng1 f4 22. gxf4 gxf4 23. Bh3 $2 (23. Qa4 $15) 23... fxe3 $19 24. fxe3 Nxe3 25. Re1 Qxb2+ $2 26. Kxb2 $15 Nc4+ {[%mdl 64] Double Attack} 27. Kc3 {White wants to mate with Qc7.} Nxa5 28. Rxe4+ Kf8 $1 29. Rf4 Re8 30. Kb4 (30. Nf3 $17 Re3+ 31. Kd2) 30... b6 $2 (30... Nb3 $19 {And now ...Re3 would win.} 31. Bf1 a5+ 32. Kc3 Re3+ 33. Kb2 Nxc5) 31. Bg4 Re5 ({Better is} 31... Kg8 $1 $17 32. Bf5 Nb7 33. cxb6 axb6) 32. cxb6 (32. Nf3 $1 $11 {was the only way to keep the balance.} Re7 33. Nd4) 32... axb6 $17 33. Nf3 Rb5+ 34. Kc3 Rb3+ 35. Kc2 {[#] Ne5 is the strong threat.} Kg7 ({Worse is} 35... Rxa3 36. Ne5 $16 (36. Be6 Ke7 $16)) (35... Ke7 $1 $17 36. a4 Ra3) 36. Ne5 $11 Bd5 37. a4 Ra3 38. Kb2 (38. Nd7 $11 {remains equal.}) 38... Re3 $17 39. Nd7 {[#]} Nc4+ (39... Kh6 $1 $19 {and Black stays clearly on top. Strongly threatening ...Kg5.} 40. Rf2 Nc4+ 41. Kc1 Ra3) 40. Kc2 Ra3 41. Be2 $2 {[%mdl 8192]} (41. Nf6 $15) 41... Ra2+ $19 42. Kd3 Rd2+ 43. Kc3 Rxe2 44. Rxc4 Bxc4 45. Kxc4 {[%mdl 4096] Endgame KR-KN} Rb2 $2 (45... Re4+ 46. Kb3 c5) 46. Kc3 $2 (46. Ne5 Rc2+ 47. Kb3) 46... Rb1 47. Ne5 Kf6 48. Kc2 Kxe5 {Black mates.} 49. Kxb1 Kd4 50. Ka2 Kc4 51. Ka3 Kc3 {Weighted Error Value: White=0.82/Black=0.37} 0-1

[Event "African Online-ch Open 2021"]
[Site "Online"]
[Date "2021.02.01"]
[Round "1.7"]
[White "Kayonde, Andrew"]
[Black "Strovsky, Mikhail"]
[Result "1-0"]
[WhiteElo "2393"]
[BlackElo "2164"]
[Annotator "TA"]
[PlyCount "53"]
[EventDate "2021.02.01"]
[EventType "swiss"]
[EventCountry "NET"]

{[%evp 21,53,54,126,120,121,104,107,90,117,121,363,355,1554,1537,1587,1019,986,995,1139,1139,1976,531,531,528,524,524,523,519,511,510,564,564,1260,1255]} 1. d4 d5 2. Nf3 e6 3. e3 Nf6 4. Bd3 c5 5. c3 Nc6 6. Nbd2 Bd6 7. O-O Bd7 8. dxc5 Bxc5 9. e4 dxe4 10. Nxe4 Nxe4 11. Bxe4 O-O {[#]} (11... Qc7 $14) 12. Bxh7+ $1 $16 {[%mdl 512] D05: Colle System with ...e6.} Kxh7 {[#]} 13. Ng5+ $1 Kg6 {Strongly threatening ...e5.} ({But not} 13... Kg8 $2 14. Qh5 $18) 14. Qd3+ {White is better.} f5 {...Qc7 is the strong threat.} 15. Qg3 {[#] Threatens to win with Nxe6+.} f4 $146 (15... Qe7 $16) ({Predecessor:} 15... Qe7 16. Ne4+ Kf7 17. Bg5 Qe8 18. Nxc5 b6 19. Nxd7 Qxd7 20. Rad1 Qc8 21. Rd6 Ne7 22. Bxe7 Kxe7 {1-0 (31) Nguyen,H (1726)-Diep,T (1944) Ho Chi Minh City 2014}) 16. Bxf4 $18 {Hoping for Nxe6+.} Rxf4 $2 (16... Qe7 17. Ne4+ Kh7) 17. Nxe6+ $1 {[%mdl 64] Double Attack. White is clearly winning.} Kf5 18. Nxd8 Rxd8 19. Rad1 Ne5 20. Rd5 Bb6 21. Re1 (21. Qxg7 $142 {[%csl Gg7][%cal Rd5e5]} Re4 22. Qh7+ Kf6 23. Qxe4) 21... Bxf2+ 22. Qxf2 Rxf2 23. Rexe5+ Kf6 24. Kxf2 Rf8 25. Re3 Kg6+ 26. Rf3 Rd8 27. Kg3 {Black got outplayed after the opening.  Weighted Error Value: White=0.64/Black=0.38} 1-0

[Event "African Online-ch Open 2021"]
[Site "Online"]
[Date "2021.02.01"]
[Round "1.8"]
[White "Sang, Ricky"]
[Black "Zaibi, Amir"]
[Result "0-1"]
[WhiteElo "1991"]
[BlackElo "2381"]
[Annotator "TA"]
[PlyCount "140"]
[EventDate "2021.02.01"]
[EventType "swiss"]
[EventCountry "NET"]

{[%evp 11,139,6,2,-6,0,-14,-10,-25,-28,-37,-16,-12,-10,-28,-17,-25,-22,-13,-9,-19,-12,-37,-20,-28,-24,-37,-15,-12,-12,-16,0,-12,-6,-27,-27,-40,-28,-20,0,11,12,0,0,-8,0,0,8,4,20,13,21,18,16,12,38,30,30,30,29,31,36,29,35,11,38,33,38,38,34,22,38,-38,52,55,67,45,65,50,59,0,126,104,108,81,149,0,0,0,0,0,0,0,0,-204,-183,-183,-183,-183,-183,-431,-345,-772,-723,-782,-778,-756,-681,-1115,-1119,-1047,-1035,-1024,-823,-787,-505,-1120,-1077,-5591,-5583,-4790,-1309,-4714,-2253,-29985,-29986,-29987,-29987,-29989,-29990,-29999]} 1. d4 d5 2. Bf4 Nf6 3. e3 c5 4. c3 Nc6 5. Nd2 e6 6. Bd3 Bd6 7. Bg3 {D00: 1 d4 d5: Unusual lines.} e5 {[%cal Rc5d4]} 8. dxe5 Nxe5 9. Bc2 {The position is equal.} O-O 10. Ne2 Re8 {[#]} 11. O-O $146 ({Predecessor:} 11. h3 Bd7 12. a4 Bc6 13. O-O Qc7 14. Nf4 Ng6 15. Ne2 Rad8 16. Re1 Bxg3 17. Nxg3 {½-½ (33) Vatter,H (2265)-Schmidt,G (2210) Germany 1997}) 11... Bg4 12. Re1 Qb6 13. Qb1 Ng6 14. Bxd6 Qxd6 15. Ng3 Rad8 16. h3 Bc8 17. Nf3 b6 18. Ba4 Bd7 19. Bxd7 Qxd7 20. Qf5 Qa4 21. Red1 h6 22. Rd2 Ne4 23. Nxe4 ({Wrong is} 23. Rxd5 $2 Nxg3 24. Qd3 (24. fxg3 $2 Ne7 $19 {[%mdl 64] Double Attack}) 24... Rxd5 $19) 23... dxe4 24. b3 Qa5 25. Rxd8 Rxd8 26. Qxe4 Qxc3 27. Rb1 Kf8 28. Qa4 a5 29. Qc6 Qd3 30. Rc1 Qd6 31. Qxd6+ Rxd6 $11 {[%mdl 4096] Endgame KRN-KRN} 32. Kf1 Ne7 33. Ke2 Nd5 34. Ne5 Re6 35. Nc4 Ke7 36. g3 h5 37. h4 Nb4 38. a3 Nd5 39. Kf3 Nf6 40. Rd1 Ne4 41. Kg2 (41. a4 $14) 41... Nc3 (41... a4 $15 42. bxa4 Nc3) 42. Rd3 $14 Nb5 43. f3 g6 44. Kf2 Nc7 45. e4 (45. a4 $14) 45... f5 (45... Nb5 $11) 46. exf5 $16 gxf5 47. Ne3 (47. a4 {with more complications.} b5 48. Ne3 bxa4 49. bxa4 f4 50. gxf4 Rb6 51. Nf5+) 47... Kf6 (47... Rf6 $142) 48. Nd5+ (48. a4 $16) 48... Nxd5 $11 49. Rxd5 {KR-KR} Rc6 50. Ke3 Ke6 51. Rd3 b5 {[%cal Bb6b5,Bb5c4][%mdl 32]} 52. f4 $2 {White is now going downhill.} (52. Rd8 $11) 52... c4 53. bxc4 bxc4 54. Rd1 {[#]} a4 $1 55. Rc1 $2 (55. Rd2 {is the only way for White.}) 55... Kd5 $19 56. Rc2 $2 (56. Kd2) 56... Re6+ 57. Kd2 Kd4 58. Rc1 Rb6 59. Kc2 Rb3 {[#] ...Rc3+ is the strong threat.} 60. Rd1+ Rd3 61. Re1 Rxg3 62. Re5 Rg2+ 63. Kc1 (63. Kd1 $142 Kd3 64. Rd5+ Ke4 65. Re5+ Kxf4 66. Rc5) 63... Kd3 {( -> ...Rg1+)} 64. Re1 c3 65. Rd1+ Rd2 66. Rh1 Kc4 {Strongly threatening ...Kb3.} 67. Rh3 Kb3 {Black mates.} 68. Rf3 Rh2 69. Rf1 Ra2 {[%cal Ra2a1]} 70. Rd1 Ra1# {Weighted Error Value: White=0.37/Black=0.17} 0-1

[Event "African Online-ch Open 2021"]
[Site "Online"]
[Date "2021.02.01"]
[Round "1.9"]
[White "Silva, David"]
[Black "Kamara, Ansumana"]
[Result "1-0"]
[WhiteElo "2258"]
[BlackElo "1899"]
[PlyCount "43"]
[EventDate "2021.02.01"]
[EventType "swiss"]
[EventCountry "NET"]
[TimeControl "1500+10"]
[WhiteClock "0:24:19"]
[BlackClock "0:18:55"]

1. e4 {[%emt 0:00:00]} c5 {[%emt 0:00:08]} 2. Nf3 {[%emt 0:00:13]} d6 {[%emt 0:00:03]} 3. d4 {[%emt 0:00:10]} cxd4 {[%emt 0:00:04]} 4. Nxd4 {[%emt 0:00:03]} Nf6 {[%emt 0:00:05]} 5. Nc3 {[%emt 0:00:05]} a6 {[%emt 0:00:03]} 6. a3 {[%emt 0:00:04]} e5 {[%emt 0:00:09]} 7. Nf5 {[%emt 0:00:04]} d5 {[%emt 0:00:12]} 8. Bg5 {[%emt 0:00:10]} Bxf5 {[%emt 0:00:57]} 9. Bxf6 {[%emt 0:00:43]} gxf6 {[%emt 0:00:13]} 10. exf5 {[%emt 0:00:06]} d4 {[%emt 0:00:04]} 11. Ne4 {[%emt 0:00:05]} Be7 {[%emt 0:00:16]} 12. Qh5 {[%emt 0:00:54]} Qd5 {[%emt 0:00:47]} 13. Nd2 {[%emt 0:00:26]} b5 {[%emt 0:00:20]} 14. Bd3 {[%emt 0:00:09]} Nc6 {[%emt 0:00:34]} 15. Be4 {[%emt 0:00:06]} Qd6 {[%emt 0:00:05]} 16. O-O {[%emt 0:00:10]} O-O {[%emt 0:01:00]} 17. a4 {[%emt 0:00:17]} Rab8 {[%emt 0:00:22]} 18. axb5 {[%emt 0:00:06]} axb5 {[%emt 0:00:16]} 19. Ra3 {[%emt 0:00:05]} Nb4 {[%emt 0:00:29]} 20. Rg3+ {[%emt 0:00:12]} Kh8 {[%emt 0:00:29]} 21. Rh3 {[%emt 0:00:04]} Rg8 {[%emt 0:02:59]} 22. Qxh7# {[%emt 0:00:09]} 1-0

[Event "African Online-ch Open 2021"]
[Site "Online"]
[Date "2021.02.01"]
[Round "1.10"]
[White "Bongo Akanga Ndjila, Barthelemy"]
[Black "Amdouni, Zoubaier"]
[Result "1/2-1/2"]
[WhiteElo "1803"]
[BlackElo "2229"]
[PlyCount "88"]
[EventDate "2021.02.01"]
[EventType "swiss"]
[EventCountry "NET"]
[TimeControl "1500+10"]
[WhiteClock "0:03:04"]
[BlackClock "0:00:58"]

1. d4 {[%emt 0:00:00]} d5 {[%emt 0:00:06]} 2. Nf3 {[%emt 0:00:05]} Nf6 {[%emt 0:00:04]} 3. Bg5 {[%emt 0:00:42]} e6 {[%emt 0:00:09]} 4. e3 {[%emt 0:00:09]} Nbd7 {[%emt 0:00:21]} 5. Bd3 {[%emt 0:01:25]} c6 {[%emt 0:00:05]} 6. O-O {[%emt 0:00:21]} Bd6 {[%emt 0:00:15]} 7. c4 {[%emt 0:00:13]} O-O {[%emt 0:00:44]} 8. Qc2 {[%emt 0:00:10]} h6 {[%emt 0:00:07]} 9. Bh4 {[%emt 0:00:03]} dxc4 {[%emt 0:00:13]} 10. Bxc4 {[%emt 0:00:56]} e5 {[%emt 0:00:04]} 11. dxe5 {[%emt 0:01:16]} Nxe5 {[%emt 0:00:17]} 12. Nxe5 {[%emt 0:00:06]} Bxe5 {[%emt 0:00:03]} 13. Rd1 {[%emt 0:00:03]} Bxh2+ {[%emt 0:01:32]} 14. Kh1 {[%emt 0:00:56]} Bd6 {[%emt 0:00:07]} 15. Bg3 {[%emt 0:00:18]} Ne8 {[%emt 0:00:58]} 16. Qd2 {[%emt 0:04:10]} Qf6 {[%emt 0:01:11]} 17. Bxd6 {[%emt 0:00:12]} Nxd6 {[%emt 0:00:03]} 18. Qxd6 {[%emt 0:00:17]} Qh4+ {[%emt 0:00:26]} 19. Kg1 {[%emt 0:00:12]} Qxc4 {[%emt 0:00:02]} 20. Nc3 {[%emt 0:00:09]} Qe6 {[%emt 0:00:35]} 21. Qc7 {[%emt 0:00:15]} Qg6 {[%emt 0:00:05]} 22. Rd4 {[%emt 0:00:36]} Bh3 {[%emt 0:01:14]} 23. Qh2 {[%emt 0:00:07]} Be6 {[%emt 0:00:07]} 24. Rad1 {[%emt 0:00:24]} c5 {[%emt 0:04:15]} 25. Rd6 {[%emt 0:00:48]} Qg4 {[%emt 0:01:04]} 26. e4 {[%emt 0:01:32]} Rae8 {[%emt 0:04:03]} 27. f3 {[%emt 0:01:31]} Qg5 {[%emt 0:00:03]} 28. f4 {[%emt 0:00:06]} Qg4 {[%emt 0:00:04]} 29. f5 {[%emt 0:00:05]} Bc4 {[%emt 0:00:44]} 30. f6 {[%emt 0:00:43]} Re6 {[%emt 0:01:11]} 31. fxg7 {[%emt 0:00:20]} Kxg7 {[%emt 0:00:11]} 32. b3 {[%emt 0:00:41]} Ba6 {[%emt 0:00:34]} 33. Rxe6 {[%emt 0:00:20]} fxe6 {[%emt 0:05:15]} 34. Qe5+ {[%emt 0:00:55]} Kg8 {[%emt 0:01:05]} 35. Qxc5 {[%emt 0:01:32]} Qg3 {[%emt 0:00:03]} 36. Qd4 {[%emt 0:01:17]} Rf7 {[%emt 0:00:47]} 37. b4 {[%emt 0:00:39]} Rg7 {[%emt 0:01:17]} 38. Rd2 {[%emt 0:04:14]} Bc4 {[%emt 0:00:04]} 39. e5 {[%emt 0:01:03]} b5 {[%emt 0:00:07]} 40. Ne4 {[%emt 0:00:17]} Qe1+ {[%emt 0:00:04]} 41. Kh2 {[%emt 0:00:01]} Qh4+ {[%emt 0:00:02]} 42. Kg1 {[%emt 0:00:02]} Qe1+ {[%emt 0:00:27]} 43. Kh2 {[%emt 0:00:02]} Qh4+ {[%emt 0:01:12]} 44. Kg1 {[%emt 0:00:03]} Qe1+ {[%emt 0:00:02] #D} 1/2-1/2